000 02866nam0a22003251 4500
001 rc\4330156
005 20260408071115.0
035 _a(NLR Aleph) 008270252
090 _a8451765
_c8451765
100 _a20130416g19851989|||y0rusy50 ca
101 0 _arus
102 _aRU
105 _ay g |||||
200 1 _aСправочник Государственного фонда данных о состоянии окружающей природной среды
_hч. 3
_i[Гидрология суши]
_hт. 2
_iУкраинская ССР
_hвып. 1
_iБассейн Западного Буга, Дуная, Днестра, Южного Буга
_hвып. 2
_iБассейн Днепра
_hвып. 3
_iБассейны Северского Донца рек Крыма и Приазовья
_fГос. ком. СССР по гидрометеорологии и контролю природ. среды, Укр. респ. упр. по гидрометеорологии и контролю природ. среды, Гидрометеорол. центр Укр. УГКС
210 _aКиев
_d1985-1989
300 _aОбразовано в результате разделения: Справочник Государственного гидрометеорологического фонда СССР. Ч. 3. Гидрология суши. Т. 6. Украина и Молдавия (Шифр: П8/888)
300 _aВ надзаг. также: Гос. ком. СССР по гидрометеорологии и контролю природ. среды
305 _aОбразовано в результате разделения: Справочник Государственного гидрометеорологического фонда СССР, ч. 3. Гидрология суши, т. 6. Украина и Молдавия (Шифр: П8/888)
517 0 _aГидрология суши
545 1 _aГидрология суши
710 0 2 _aГосударственный фонд данных о состоянии окружающей природной среды
_cМосква
_9287616
_3RU\NLR\AUTH\887712
711 0 1 _aСССР
_bКомитет по гидрометеорологии и контролю природной среды
_9597587
_3RU\NLR\AUTH\8810048754
712 0 1 _4650
_aУССР
_bУправление по гидрометеорологии и контролю природной среды
_9431771
_3RU\NLR\AUTH\889967717
801 0 _aRU
_bNLR
_c20130416
_gpsbo
801 1 _aRU
_bELAR
_c20130416
_2rusmarc
801 2 _aRU
_bNLR
_c20140415
_2rusmarc
830 _aПеречень имеющихся в библиотеке томов, номеров, годов этого издания смотри в каталоге периодических изданий
852 _aNLR
_jП8/1296
942 _cBOOK
980 _aNB